English (Record no. 99621)

MARC details
000 -LEADER
fixed length control field 00747nam a2200265 i 4500
001 - CONTROL NUMBER
control field C2-0295037
003 - CONTROL NUMBER IDENTIFIER
control field PPAK
005 - DATE AND TIME OF LATEST TRANSACTION
control field 20180728030652.0
008 - FIXED-LENGTH DATA ELEMENTS--GENERAL INFORMATION
fixed length control field 090319s2009 my a|||| ||||| | eng d
020 ## - INTERNATIONAL STANDARD BOOK NUMBER
International Standard Book Number 9789835941795
040 ## - CATALOGING SOURCE
Original cataloging agency PPAK
Language of cataloging eng
Transcribing agency PPAK
Description conventions rda
082 04 - DEWEY DECIMAL CLASSIFICATION NUMBER
Classification number 428.2076
Edition number 23
090 00 - LOCALLY ASSIGNED LC-TYPE CALL NUMBER (OCLC); LOCAL CALL NUMBER (RLIN)
Classification number (OCLC) (R) ; Classification number, CALL (RLIN) (NR) 428.2076
Feature heading BAN
Feature heading RK
100 0# - MAIN ENTRY--PERSONAL NAME
Personal name Banulata Dava,
Relator term author
245 10 - TITLE STATEMENT
Title English
264 #1 - PRODUCTION, PUBLICATION, DISTRIBUTION, MANUFACTURE, AND COPYRIGHT NOTICE
Place of production, publication, distribution, manufacture Petaling Jaya, Selangor :
Name of producer, publisher, distributor, manufacturer Sasbadi Sdn. Bhd. ,
Date of production, publication, distribution, manufacture, or copyright notice 2009
300 ## - PHYSICAL DESCRIPTION
Extent xii, 195 pages :
Other physical details illustrations ;
Dimensions 19 cm
336 ## - CONTENT TYPE
Source rdacontent
Content type term text
337 ## - MEDIA TYPE
Source rdamedia
Media type term unmediated
338 ## - CARRIER TYPE
Source rdacarrier
Carrier type term volume
490 1# - SERIES STATEMENT
Series statement Xpress vista
650 10 - SUBJECT ADDED ENTRY--TOPICAL TERM
Topical term or geographic name entry element English language - Problems, exercises, etc.
830 #0 - SERIES ADDED ENTRY--UNIFORM TITLE
Uniform title Xpress vista
942 ## - ADDED ENTRY ELEMENTS (KOHA)
-- dc
Koha item type Book
Holdings
Withdrawn Not for loan Current library Shelving location Date acquired Full call number Barcode Date last seen Koha item type Total Checkouts
  Not For Loan Perpustakaan Alor Setar Rujukan Kanak-kanak 02/07/2009 RK 428.2076 BAN A01302581 09/05/2018 Book  
  Not For Loan Perpustakaan Alor Setar Rujukan Kanak-kanak 02/07/2009 RK 428.2076 BAN A01302582 09/05/2018 Book  
  Not For Loan Perpustakaan Awam Sungai Petani Rujukan Kanak-kanak 02/07/2009 RK 428.2076 BAN A01302583 09/05/2018 Book  
  Not For Loan Perpustakaan Baling Rujukan Kanak-kanak 02/07/2009 RK 428.2076 BAN A01302589 09/05/2018 Book  
  Not For Loan Perpustakaan Jitra Rujukan Kanak-kanak 02/07/2009 RK 428.2076 BAN A01302584 09/05/2018 Book  
  Not For Loan Perpustakaan Kulim Rujukan Kanak-kanak 02/07/2009 RK 428.2076 BAN A01302586 09/05/2018 Book  
  Not For Loan Perpustakaan Langkawi Rujukan Kanak-kanak 02/07/2009 RK 428.2076 BAN A01302585 09/05/2018 Book  
  Not For Loan Perpustakaan Merbok Rujukan Kanak-kanak 07/04/2009 RK 428.2076 BAN A01282001 09/05/2018 Book  
  Not For Loan Perpustakaan Merbok Rujukan Kanak-kanak 07/04/2009 RK 428.2076 BAN A01282002 09/05/2018 Book  
  Not For Loan Perpustakaan Merbok Rujukan Kanak-kanak 02/07/2009 RK 428.2076 BAN A01302593 09/05/2018 Book  
  Not For Loan Perpustakaan Sik Rujukan Kanak-kanak 02/07/2009 RK 428.2076 BAN A01302588 09/05/2018 Book  
  Not For Loan PD36, Kg. Kuala Lanjut, Kota Star Rujukan Kanak-kanak 02/07/2009 RK 428.2076 BAN A01302596 09/05/2018 Book  
  Not For Loan PD37, Kg. Belat, Pendang Rujukan Kanak-kanak 02/07/2009 RK 428.2076 BAN A01302597 09/05/2018 Book